Представление документа в формате RUSMARC

ПолеНазваниеЗначение
  Тип записи a
  Библиографический уровень m
001 Контрольный номер UONB/MAIN/dd20226c944145c1873d8613a541cfc1
005 Дата корректировки 20251206124918.6
010 Индекс ISBN __
d Цена 1 р. 39 к.
9 Тираж 20000 экз.
b Уточнения в пер.
100 Данные общей обработки __
a Данные общей обработки 20251206d1965 u y0rusy0189 ca
101 Язык документа 0_
a Язык текста rus
102 Страна публикации __
a Страна публикации RU
105 Кодированные данные (монография) __
a Кодированные данные (монография) a z 001yy
200 Заглавие и сведения об ответственности 1_
a Заглавие Металлорежущие инструменты
f Первые сведения об ответственности С. С. Четвериков
e Сведения, относящиеся к заглавию проектирование и производство
e Сведения, относящиеся к заглавию учебное пособие для втузов
203 Вид содержания и тип средства __
a Вид содержания Текст
b Характеристика содержания визуальный
c Тип средства непосредственный
205 Сведения об издании __
a Основные сведения об издании 5-е изд., перераб. и доп.
210 Выходные данные 1_
a Место издания Москва
c Издательство Высшая школа
d Дата издания 1965
215 Физическое описание __
a Объем 731 с.
d Формат 22 см
c Иллюстрации/тип воспроизводства ил.
320 Библиография __
a Библиография Библиогр.: с. 723-724
606 Тематические рубрики 0_
a Основная рубрика Режущие инструменты
j Формальный подзаголовок Учебники и пособия
610 Ключевые слова 0_
a Ключевые слова режущие инструменты; металлорежущие инструменты
675 Индекс УДК __
a Индекс УДК 6П4.6-082(075)
686 Индексы других классификаций __
a Классификационный индекс 34
2 Код системы rubbk
700 Автор _1
a Фамилия Четвериков
b Имя (инициалы) С. С.
g Полное личное имя Сергей Сергеевич
801 Источник записи _0
a Страна RU
b Организация Ульяновская ОНБ
c Дата составления 20251206
g Правила каталогизации RCR
801 Источник записи _1
a Страна RU
b Организация Ульяновская ОНБ
c Дата составления 20251206
g Правила каталогизации RCR
901 Тип документа __
t Тип документа m
909 Создатель записи __
a Создатель записи Полина
b Дата создания записи 20251206